| 000 | 00947nam a2200265 i 4500 | ||
|---|---|---|---|
| 001 | 55631 | ||
| 003 | ES-MaACL | ||
| 005 | 20250405122905.0 | ||
| 007 | t| | ||
| 008 | 030924s1932 sp f |||| | spa d | ||
| 080 | _a7.041.3 | ||
| 245 | 0 | 3 | _aEl desnudo en el arte. |
| 246 | 3 |
_iPrecede al tít. _aLas maravillas de los museos europeos |
|
| 260 |
_aBarcelona : _bIberia, _c1932. |
||
| 300 |
_a16 h. de láminas ; _c28 cm. |
||
| 490 | 1 |
_aLas maravillas de los museos europeos ; _v11 |
|
| 530 | _aDisponible en formato digital. | ||
| 594 | _aTít. tomado de cub. | ||
| 650 | 4 |
_aDesnudo- _xEn el arte. _911837 |
|
| 830 | 0 |
_aLas maravillas de los museos europeos ; _v11 _9230343 |
|
| 852 |
_aES-MaACL _j1702-F-16 _cDEPOF _9 57769 _zRevisado enlace: 05 de Abril de 2025 |
||
| 856 |
_uhttps://bvpb.mcu.es/es/consulta/registro.do?id=577729 _yBiblioteca Virtual del Patrimonio Bibliográfico |
||
| 942 | _2udc | ||
| 999 |
_c55631 _d55631 |
||